States A-Z in Groups of 3 Quiz Stats

 Plays Quiz Updated Nov 25, 2017

Score 0/17 Timer 01:30
6 Plays Today
States % Correct
Alabama/Alaska/Arizona
99.9%
Arkansas/California/Colorado
93.7%
Connecticut/Delaware/Florida
91.6%
Georgia/Hawaii/Idaho
89.9%
Illinois/Indiana/Iowa
87.4%
Kansas/Kentucky/Louisiana
84.6%
Maine/Maryland/Massachusetts
78.8%
Michigan/Minnesota/Mississippi
71.1%
Missouri/Montana/Nebraska
66.9%
States % Correct
Nevada/New Hampshire/New Jersey
59.8%
New Mexico/New York/North Carolina
56.7%
North Dakota/Ohio/Oklahoma
52.3%
Oregon/Pennsylvania/Rhode Island
46.8%
South Carolina/South Dakota/Tennessee
39.5%
Texas/Utah/Vermont
37.1%
Virginia/Washington/West Virginia
33.2%
Wisconsin/Wyoming
30%

You're not logged in!

Compare scores with friends on all Sporcle quizzes.
OR
Log In

You Might Also Like...

Show Comments

Extras

Top Quizzes Today


Score Distribution

Your Account Isn't Verified!

In order to create a playlist on Sporcle, you need to verify the email address you used during registration. Go to your Sporcle Settings to finish the process.

Report this User

Report this user for behavior that violates our Community Guidelines.

Details: